000 00841nam a2200253 a 4500
001 BRL_1058
005 20190320211021.0
008 061113s1964----gw-ao#####---#000-0#ger-#
041 _ager
044 _agw
050 4 _aNK844
_b.V65 1964
110 2 _aStädtisches Museum für Völkerkunde, Frankfurt am Main
_925700
245 1 0 _aVolkskunst in Mexiko
_ctext. Karin Hissink und Gerd Dörner.
260 _aFrankfurt am Main
_bStädt. Museum für Völkerkunde
_c1964
300 _a103 p.
_bil., láminas
_c22 cm.
500 _aAu1207
650 1 4 _aArtes decorativas
_vExposiciones
_zMéxico
_925701
650 1 4 _aArte popular
_vExposiciones
_zMéxico
_91706
700 1 _aHissink, Karin
_925702
700 1 _aDörner, Gerd
_925703
710 2 _aUniversität Frankfurt am Main
_bFrobenius-Institut
_925704
902 _aGRL
942 _2lcc
_cB
999 _c9870
_d9870